000
00341nam a22001457a 4500
008
230427b ||||| |||| 00| 0 eng d
020
_a
9781932703269
041
_a
eng
080
_2
3RD EDITION
_a
616.53
082
_a
616.53CRO
100
_a
14
101
_a
PEDIA
245
_a
PEDIATRICS BOARD REVIEW
_c
CROSS/HANNAMAN
942
_2
udc
_c
BK
999
_c
59623
_d
59623